Score 0/23 Timer 03:00
3 Plays Today
Hint Missing Word % Correct
_____ Place Like HomeNo
96.1%
_____ Foot in the GraveOne
95.4%
Are _____ Being Served?You
95%
_____ BeanMr.
92.4%
_____ Up AppearancesKeeping
92%
Monty Python's Flying _____Circus
90.9%
_____ TowersFawlty
88.5%
Till Death _____ Do PartUs
86.1%
_____ FabulousAbsolutely
85.8%
Peep _____Show
81.4%
The _____ CrowdIT
73.7%
The _____ of DibleyVicar
72.6%
Hint Missing Word % Correct
_____ BritainLittle
71.7%
The League of _____Gentlemen
71.4%
You _____, M'Lord?Rang
71.4%
Dear _____John
66.7%
Only Fools and _____Horses
65.5%
I'm Alan _____Partridge
63%
Red _____Dwarf
58.2%
_____ BooksBlack
45.2%
Bad _____Education
29%
Green _____Wing
27.3%
Big _____Train
14.3%

Today's Daily Dose

Remove Ads.
Support Sporcle.
Get the best of Sporcle when you Go Orange. This ad-free experience offers more features, more stats, and more fun while also helping to support Sporcle. Thank you for becoming a member.

You're not logged in!

Compare scores with friends on all Sporcle quizzes.
OR
Log In

Show Comments

Extras

Top Quizzes Today


Score Distribution

Your Account Isn't Verified!

In order to create a playlist on Sporcle, you need to verify the email address you used during registration. Go to your Sporcle Settings to finish the process.

Report this User

Report this user for behavior that violates our Community Guidelines.

Details: